01138cam a2200325 i 4500001001000000003000900010005001700019007000300036008004100039020001500080040003100095082001400126100003700140245007900177250001100256264003500267300002800302336002700330337003300357338002900390490001400419500008000433534003800513600004400551600004300595700003500638942001400673952011000687999001500797000004334DO-SdBNP20230529104633.0ta840302s1974 sp 001 0 spa  a8471560240 aDO-SdBNPcBNPHU bspaerda 4bM662p2221 aMilton, John,d1608-1674.91278213aEl Paraíso perdido /cJohn Milton ; traducción y prólogo, A. Espina. a3a ed. aMadrid :bMediterraneo,c1974. a148 páginas ;c19 cm. 2rdacontentatextobtxt 2rdamediaasin mediaciónbn 2rdacarrieravolumenbnc  aEdimev20 aIncluye referencias bibliográficas, notas al pie de páginas e índice. aTítulo original : Paradise lost00aAdamc(Biblical figure)vPoetry.91278500aEvec(Biblical figure)vPoetry.9127861 aEspina, A.,etraductor,912788 2ddccLBS1 00102ddc51708GRaBNPHUbBNPHUcCTd2009-07-21oBNPHU GR M662pp4334-10r2020-06-25w2020-06-25yLBS1 c4143d4143